| 000 | 01703nam a2200409 a 4500 | ||
|---|---|---|---|
| 001 | ebr10642161 | ||
| 003 | CaPaEBR | ||
| 006 | m u | ||
| 007 | cr cn||||||||| | ||
| 008 | 120727s2013 paua sb 001 0aeng d | ||
| 010 | _z 2012029839 | ||
| 020 | _z9780812244649 (hardcover : alk. paper) | ||
| 020 | _z9780812207637 (e-book) | ||
| 040 |
_aCaPaEBR _cCaPaEBR |
||
| 035 | _a(OCoLC)822017906 | ||
| 043 | _an-us-fl | ||
| 050 | 1 | 4 |
_aF319.M6 _bD48 2013eb |
| 082 | 0 | 4 |
_a975.9/381 _223 |
| 100 | 1 | _aDiaz, Manny. | |
| 245 | 1 | 0 |
_aMiami transformed _h[electronic resource] : _brebuilding America one neighborhood, one city at a time / _cManny Diaz ; foreword by Michael Bloomberg. |
| 250 | _a1st ed. | ||
| 260 |
_aPhiladelphia : _bUniversity of Pennsylvania Press, _cc2013. |
||
| 300 |
_axiii, 218 p. : _bill. |
||
| 490 | 1 | _aThe city in the twenty-first century | |
| 504 | _aIncludes bibliographical references and index. | ||
| 533 |
_aElectronic reproduction. _bPalo Alto, Calif. : _cebrary, _d2013. _nAvailable via World Wide Web. _nAccess may be limited to ebrary affiliated libraries. |
||
| 600 | 1 | 0 | _aDiaz, Manny. |
| 650 | 0 |
_aMayors _zFlorida _zMiami _vBiography. |
|
| 650 | 0 |
_aCuban Americans _zFlorida _zMiami _vBiography. |
|
| 651 | 0 |
_aMiami (Fla.) _xPolitics and government _y21st century. |
|
| 651 | 0 |
_aMiami (Fla.) _xSocial conditions _y21st century. |
|
| 651 | 0 |
_aMiami (Fla.) _xEconomic conditions _y21st century. |
|
| 655 | 7 |
_aElectronic books. _2local |
|
| 710 | 2 | _aebrary, Inc. | |
| 830 | 0 | _aCity in the twenty-first century book series. | |
| 856 | 4 | 0 |
_uhttp://site.ebrary.com/lib/rucke/Doc?id=10642161 _zAn electronic book accessible through the World Wide Web; click to view |
| 999 |
_c43418 _d43418 |
||